• 首页
  • 本馆介绍
  • 公告通知
  • 最新文献
  • 馆藏检索
  • 电子资源
  • 读者导购
  • 参考咨询
  • 我的图书馆
  • 登录
  • 详细信息显示
  • 放入我的书架
  • 预约/预借图书
  • 作者相关作品
  • 分类相关作品
  • 丛书相关作品
  • 出版社相关作品

书目信息

  • 表格格式
  • 工作单格式
  • 卡片格式
题名:
《金瓶梅》作者之谜
    
 
作者: 叶桂桐 著
分册:  
出版信息: 银川   宁夏人民出版社  1988.5
页数: 448页
开本: 19厘米
丛书名: 《金瓶梅》考论
单 册:
中图分类: I207.41
科图分类: 44.565
主题词: 著者—《金瓶梅》--考证
电子资源:
ISBN: 7-227-00279-9
000 00888nam2 2200289 45
001 0189007951
005 20040419103608.2
010    @a7-227-00279-9@dCNY3.00
020    @aCN@b89007951
100    @a19901121d1988 m y0chiy0120 ea
101 0  @achi
102    @aCN@b640000
105    @af z 000yy
106    @ar
200 10 @a《金瓶梅》作者之谜@A《 jin ping mei 》 zuo zhe zhi mi@f叶桂桐等著@Fye gui tong deng zhu
210    @a银川@c宁夏人民出版社@d1988.5
215    @a448页@c照片@d19厘米
225 2  @a《金瓶梅》考论@v第1辑
410  0 @120010@a《金瓶梅》考论
540 1  @a《金瓶梅》 作者 之谜@A《 jin ping mei 》  zuo zhe zhi mi
605    @a《金瓶梅》—著者@x考证
606    @a著者—《金瓶梅》@x考证
690    @aI207.41@v1980
692    @a44.565@v1974
701  0 @a叶桂桐@Aye gui tong@4著
801  0 @aCN@bNLC@c19901121
905    @f1@b220197@dI207.41@e229:1
    
    《金瓶梅》作者之谜/叶桂桐等著.-银川:宁夏人民出版社,1988.5
    448页:照片;19厘米.-(《金瓶梅》考论;第1辑)
    
    
    ISBN 7-227-00279-9:CNY3.00
    
●
相关链接 在E读中查询图书 在五车中查询图书 在当当中查询图书 在豆瓣中查询图书


正题名:《金瓶梅》作者之谜     索取号:I207.41/229:1         预约/预借

序号 登录号 条形码 馆藏地/架位号 状态 备注
1 0220197   000045203   第二借阅区/ [索取号:I207.41/229:1] 在馆    
2 0220198   202445808   第一样本阅览室/ [索取号:I207.41/229:1] 在馆    
唐山师范学院图书馆 欢迎您!
大连网信软件有限公司© 版权所有